Cyclisme - Champions du monde du contre-la-montre féminin - Statistiques

Statistiques générales
  • Ce quiz a été pris 8 fois
  • Le résultat moyen est 6 sur 32
Statistiques - réponses
Année Nationalité Vainqueur % Correct
2025 Suisse Marlen Reusser
100%
2017 Pays-Bas Annemiek van Vleuten
63%
2018 Pays-Bas Annemiek van Vleuten
63%
2019 Etats-Unis Chloé Dygert
63%
2023 Etats-Unis Chloé Dygert
63%
2024 Australie Grace Brown
50%
1995 France Jeannie Longo
38%
1996 France Jeannie Longo
38%
1997 France Jeannie Longo
38%
2001 France Jeannie Longo
38%
2020 Pays-Bas Anna van der Breggen
25%
2013 Pays-Bas Ellen van Dijk
13%
2021 Pays-Bas Ellen van Dijk
13%
2022 Pays-Bas Ellen van Dijk
13%
2008 Etats-Unis Amber Neben
0%
2016 Etats-Unis Amber Neben
0%
2010 Royaume-Uni Emma Pooley
0%
2007 Allemagne Hanka Kupfernagel
0%
2003 Espagne Joane Somarriba
0%
2011 Allemagne Judith Arndt
0%
2012 Allemagne Judith Arndt
0%
1994 Etats-Unis Karen Kurreck
0%
2004 Suisse Karin Thürig
0%
2005 Suisse Karin Thürig
0%
2006 Etats-Unis Kristin Armstrong
0%
2009 Etats-Unis Kristin Armstrong
0%
1998 Pays-Bas Leontien van Moorsel
0%
1999 Pays-Bas Leontien van Moorsel
0%
2015 Nouvelle-Zélande Linda Villumsen
0%
2014 Allemagne Lisa Brennauer
0%
2000 Etats-Unis Mari Holden
0%
2002 Russie Zulfiya Zabirova
0%
Aucun quiz correspondant
Distribution des résultats
% des personnes avec chaque résultat
Percentile par nombre de réponses
Votre historique - résultats
Vous n’avez pas pris ce quiz